Practical Networking (Record no. 1086121)

MARC details
000 -LEADER
fixed length control field 00294nam a2200121Ia 4500
008 - FIXED-LENGTH DATA ELEMENTS--GENERAL INFORMATION
fixed length control field 231228s2000 xx 000 0 und d
041 ## - LANGUAGE CODE
Language code of text/sound track or separate title eng
082 ## - DEWEY DECIMAL CLASSIFICATION NUMBER
Classification number 4.6
Item number DER
100 ## - MAIN ENTRY--PERSONAL NAME
Personal name DERFLER (F.J.)
245 ## - TITLE STATEMENT
Title Practical Networking
260 ## - PUBLICATION, DISTRIBUTION, ETC.
Place of publication, distribution, etc. New Delhi
Name of publisher, distributor, etc. P.H.I.(3E) E
Date of publication, distribution, etc. 2000
300 ## - PHYSICAL DESCRIPTION
Extent IX,543

No items available.